000
00305nam a2200145Ia 4500
100
_a
Babu/B.V
942
_c
BK
366
_f
20
245
_a
Process Plant simulation
260
_b
Oxford university press
_c
2004
082
_a
660
_b
BAB
300
_a
542
546
_a
ENGLISH
_c
Info.Tech
999
_c
19449
_d
19449